[Event "58. BEM 2004"]
[Site "Dortmund"]
[Date "2004.03.11"]
[Round "6.14"]
[White "Ezzat, Tarik"]
[Black "Barskij, Aleksandr"]
[Result "0-1"]
[WhiteElo "1606"]
[BlackElo "1828"]
[Annotator "Fritz 7 (15s)"]
[PlyCount "82"]
[EventDate "2004.??.??"]
[Source "SG Dortmund"]
[SourceDate "2004.12.16"]

{B30: Sicilian: 2...Nc6 3 Bb5, lines without ...g6
} 1. Nc3 c5 2. e4 Nc6 3. Nf3
d6 4. h3 g6 5. Bc4 (5. g4 Bg7 6. Bg2 Rb8 7. a4 a6 8. Qe2 Qa5 9. Ra3 e6 10. O-O
Nge7 11. e5 dxe5 12. Ne4 O-O 13. g5 Nd5 14. d3 Nd4 15. Qd1 Qc7 16. Nh2 b5 17.
axb5 axb5 18. Ng4 b4 19. Ra1 Nf4 {Ambrus,E-Nagy,A/Szeged 1998/EXT 99/0-1 (32)})
5... Bg7 6. d3 Nd4 $146 (6... e6 7. O-O Nge7 (7... Nf6 8. Be3 O-O 9. Re1 Qc7
10. Bf4 e5 11. Be3 a6 12. Nd5 Nxd5 13. Bxd5 Ne7 14. Rb1 Nxd5 15. exd5 b6 16.
Qd2 Bb7 17. c4 Rfe8 18. Bh6 b5 19. Qg5 Re7 20. Nh4 f6 21. Qe3 Rae8 22. Bxg7 {
Heyne,R-Stegmaier,E/Freising 2001/EXT 2002/1-0 (58)}) 8. Re1 O-O 9. Bg5 a6 10.
a4 b6 11. Qd2 Re8 12. Nh2 Ne5 13. Qf4 Qc7 14. Re3 N7c6 15. Ng4 Nxg4 16. hxg4
Be5 17. Qf3 Nd4 18. Qd1 Bd7 19. Rh3 b5 20. f4 Bh8 21. Bb3 {
Mezovsky,S-Krajcovic,A/Trencin 1991/EXT 98/1-0 (37)}) (6... Nf6 7. O-O O-O 8.
Rb1 a6 9. Be3 b5 10. Bb3 Na5 11. Bd5 Nxd5 12. Nxd5 Bb7 13. b4 e6 14. Nf4 cxb4
15. Rxb4 Qc7 16. Nd2 d5 17. Ne2 e5 18. exd5 Bxd5 19. c4 Nc6 20. Rb1 bxc4 21.
dxc4 Be6 22. a4 Nd4 23. Re1 Rfd8 24. Qc1 Bf5 {
1/2-1/2 Multhauf,M-Dengel,J/GER 1993/EXT 2002 (24)}) 7. Nxd4 cxd4 8. Ne2 e6 {
Verhindert das Eindringen auf d5} 9. O-O Ne7 10. Ng3 O-O 11. f4 d5 12. exd5
Nxd5 13. Qf3 Ne3 (13... Ne7 14. Rf2 $15) 14. Bxe3 dxe3 15. c3 {Befestigt d4}
15... Qb6 16. Qe2 Bd7 17. d4 Rfc8 18. Rf3 Rxc4 19. Qxc4 Qxb2 20. Re1 (20. Qb3
$5 {ist interessant} 20... Qxa1+ 21. Rf1 $11) 20... Rc8 $17 21. Qb3 (21. Qf1
Rxc3 22. Rb1 Qc2 23. Rxb7 Bc6 24. Rb8+ Bf8 $17) 21... Qxc3 22. Qxc3 Rxc3 23.
Ne2 Rd3 24. Kf1 (24. g4 $5 Ra3 $19) 24... Bc6 25. Nc1 (25. Rg3 Bf6 26. Nc1 Rd2
27. Rexe3 Rd1+ 28. Re1 Bb5+ 29. Ne2 Rxe1+ 30. Kxe1 Bh4 $19) 25... Rxd4 26.
Rfxe3 Rxf4+ 27. Ke2 Bd4 28. Rb3 Rf2+ 29. Kd3 Bb6 30. Re2 (30. g3 Bd5 31. Rxb6
axb6 $19) 30... Rf1 (30... Rxg2 $142 {erleichterte Schwarz die Gewinnfuehrung}
31. Rxg2 Bxg2 $19) 31. Rbb2 $4 {
auch bessere Zuege haetten die Partie nicht gerettet.} (31. Kd2 $19) 31... Rxc1
32. g4 Rg1 33. Red2 (33. Rxb6 {aendert den Lauf der Dinge nicht} 33... axb6 34.
Kd4 f5 35. gxf5 exf5 $19) 33... Rg3+ 34. Kc4 Rxh3 35. g5 Rg3 36. Rh2 Rg4+ 37.
Kd3 Rxg5 38. Rh6 (38. Rh3 {waere gleichermassen fruchtlos} 38... e5 $19) 38...
Rg2 (38... Rg3+ {ist genauer} 39. Kc4 Bd5+ 40. Kb5 $19) 39. Rb4 (39. Rxg2 {
holt die Kuh nicht vom Eis} 39... Bxg2 40. Rh2 Bd5 $19) 39... Rg3+ 40. Kc2 Be3
41. Rhh4 h5 (41... h5 42. a3 Bg5 $19) 0-1

[Event "58. BEM 2004"]
[Site "Dortmund"]
[Date "2004.03.11"]
[Round "6.15"]
[White "Scholtyßek, Norbert"]
[Black "Volmer, Martin"]
[Result "1/2-1/2"]
[WhiteElo "1608"]
[BlackElo "1779"]
[Annotator "Fritz 7 (15s)"]
[PlyCount "178"]
[EventDate "2004.??.??"]
[Source "SG Dortmund"]
[SourceDate "2004.12.16"]

{A01: Nimzowitsch-Larsen Opening
} 1. b3 e5 2. Bb2 Nc6 3. e3 d5 4. Bb5 Bd6 5.
f4 Qe7 6. Nf3 Bg4 7. h3 Bxf3 8. Qxf3 Nf6 9. O-O a6 $146 (9... O-O-O 10. Bxc6
bxc6 11. fxe5 Bxe5 12. Qf5+ Nd7 13. Bxe5 Qxe5 14. Qxe5 Nxe5 15. d4 Ng6 16. Rxf7
Rde8 17. Kf2 Rhf8 18. Rxf8 Rxf8+ 19. Ke2 Nh4 20. Nd2 Nf5 21. Nf3 Ng3+ 22. Kd3
Ne4 23. Rf1 Ng3 24. Rc1 {Minasian,A-Kalantarian,N/Ubeda 2000/CBM 75/1-0 (45)})
(9... O-O 10. Bxc6 (10. Nc3 e4 11. Qg3 Nb4 12. a3 Nh5 13. Qf2 d4 14. axb4 dxc3
15. dxc3 c6 16. Be2 Nf6 17. Rfd1 Rfd8 18. g4 h6 19. h4 Nd5 20. g5 hxg5 21. hxg5
Qc7 22. c4 Nxb4 23. Bg4 Bc5 24. Bf5 Qb6 {
Breutigam,M-Haucke,A/Hamburg 1997/EXT 98/1-0 (35)}) 10... bxc6 11. fxe5 Bxe5
12. Bxe5 Qxe5 13. Nc3 Rad8 14. Ne2 Ne4 15. Rad1 Rd6 16. d4 Qg5 17. Nf4 Qe7 18.
c4 Rf6 19. cxd5 g5 20. Qg4 Nc3 21. Qxg5+ Kh8 22. Rde1 Nxd5 23. Qe5 Qxe5 24.
dxe5 {Leong,I-Bleik,A/Elista 1998/CBM 66 ext/1-0 (37)}) 10. Bxc6+ bxc6 11. fxe5
Bxe5 12. Bxe5 Qxe5 13. Nc3 O-O 14. Qf4 Qe7 15. Rae1 Rfe8 16. Rf2 c5 17. Rfe2 a5
(17... Qd6 18. a3 $11) 18. d3 {Sichert e4} (18. e4 d4 19. Nd5 Nxd5 20. exd5
Qxe2 21. Rxe2 Rxe2 22. Qxc7 $16) 18... c6 $11 {Punkt b5} 19. e4 d4 {Raumvorteil
} 20. Na4 Rab8 21. Qf5 Qe5 (21... Nd7 22. Rf1 $11) 22. Rf1 Rb5 23. Nb2 Qc7 (
23... Qxf5 $5 {ist bedenkenswert} 24. Rxf5 c4 $14) 24. Nc4 Qe7 25. e5 Rd8 $4 {
vergroessert seine Probleme} (25... Nd5 26. a4 Rbb8 27. Nxa5 $16) 26. Rfe1 (26.
exf6 $142 {sichert den Gewinn} 26... Qxf6 27. Qe4 $18) 26... Nd5 $16 27. Nd6 (
27. a4 Rbb8 $16) 27... Ne3 (27... Nc3 $142 $5 $11 {sieht noch spielbar aus})
28. Rxe3 dxe3 29. Nxb5 cxb5 30. Rxe3 h6 31. Re4 Rd5 32. Qc8+ Kh7 33. Qf5+ (33.
e6 b4 $16) 33... g6 (33... Kg8 34. a4 b4 $16) 34. Qf4 $16 Kg7 35. Qe3 Qe6 36.
Qe1 (36. c4 $5 bxc4 37. bxc4 Rd8 $18) 36... b4 $16 37. Qe3 Qe7 38. Kf2 Rd7 39.
e6 fxe6 40. Rxe6 Qf8+ (40... Qh4+ $5 41. g3 Rf7+ 42. Kg2 Qd4 $16) 41. Kg1 Rf7
42. Qe5+ Kh7 43. Qe2 Qd8 44. Qe4 Qg5 45. Kh2 h5 46. h4 Qf4+ 47. Qxf4 Rxf4 48.
Kg3 Rg4+ 49. Kh3 Rf4 50. Re5 Rf5 (50... Kg7 51. Rxc5 Rf2 $18) 51. Re7+ $4 {
wirft den Vorteil weg} (51. Rxf5 $142 {machte sofort alles klar} 51... gxf5 52.
Kg3 $18) 51... Kh6 $16 52. Rc7 g5 (52... Re5 $5 $16) 53. Rc6+ $18 Kg7 54. hxg5
Rxg5 55. g3 Re5 56. Kh4 Rf5 57. Kh3 (57. Ra6 $5 Rf2 58. Kxh5 Rxc2 59. Rxa5 Kf6
$18) 57... Re5 $16 58. Kh4 (58. g4 hxg4+ 59. Kg3 Kf7 $16) 58... Rf5 $18 59. g4
hxg4 60. Kxg4 Re5 61. Kf4 Rh5 62. Ke4 Rg5 63. Ke3 Kf7 64. Kd2 Rg2+ 65. Kc1 Rg5
66. Ra6 Ke7 67. Rxa5 Kd6 68. Ra6+ Kd5 69. Kb2 Rg2 70. a3 bxa3+ 71. Rxa3 Kd4 72.
Ra4+ Kd5 73. Kc3 Kc6 74. Ra5 Kb6 75. Ra4 $4 {
danach kann Weiss alle Traeume begraben} (75. Ra2 Kb5 $18) 75... Kb5 $4 {
wirft den Vorteil weg} (75... Kc6 76. b4 cxb4+ 77. Rxb4 Kd5 $18) 76. Rc4 $18
Kb6 77. Rh4 Kc6 78. Rh6+ Kd5 79. Rh4 $4 {vergibt den Vorteil} (79. Rb6 Rg1 $18)
79... Kd6 $4 {danach wendet sich das Blatt} (79... Kc6 80. b4 cxb4+ 81. Kxb4
Rd2 $18) 80. Kb2 Kd5 81. Rc4 Rh2 82. b4 cxb4 83. Rxb4 Rg2 84. Kb3 Kc5 85. d4+
Kd5 86. c3 Rg3 87. Rb5+ Kc6 88. Kc4 $4 {gibt den Vorteil aus der Hand} (88. Rf5
$142 $18 {Weiss haette nun das bessere Spiel}) 88... Rxc3+ $11 89. Kxc3 {
Motiv: Ablenkung von b5} 89... Kxb5 1/2-1/2

[Event "58. BEM 2004"]
[Site "Dortmund"]
[Date "2004.03.11"]
[Round "6.17"]
[White "Gerke, Dieter"]
[Black "Raskin, Vitali"]
[Result "0-1"]
[WhiteElo "1484"]
[BlackElo "1668"]
[Annotator "Fritz 7 (15s)"]
[PlyCount "82"]
[EventDate "2004.??.??"]
[Source "SG Dortmund"]
[SourceDate "2004.12.16"]

{A04: Unusual lines after 1 Nf3 and King's Indian Attack
} 1. Nf3 Nc6 2. g3 e5
3. e4 Nf6 4. d3 Bc5 5. Bg2 O-O 6. O-O d5 7. Bg5 $146 (7. Nbd2 Bg4 (7... Re8 8.
c3 a5 9. Qc2 h6 10. h3 a4 11. Re1 Be6 12. Nf1 dxe4 13. dxe4 Qe7 14. g4 Red8 15.
Ng3 Bc4 16. Nf5 Qd7 17. Be3 Bd3 18. Qc1 Nxe4 19. Rd1 Qe6 20. Ne1 Nxf2 21. Kxf2
Bxf5 22. Bxc5 {Koznjak,M-Podobnik,M/Pula 1999/CBM 70 ext/1-0 (42)}) 8. Re1 Re8
9. c3 dxe4 (9... Qd7 10. Nb3 Bb6 11. Qc2 Rad8 12. Bg5 dxe4 13. dxe4 Qe6 14.
Nbd2 Rd6 15. b3 Red8 16. Nc4 Rd3 17. Nxb6 Bxf3 18. Nd5 Bxg2 19. Bxf6 Bxe4 20.
Rxe4 R8xd5 21. Bg5 Qf5 22. c4 Rd7 23. Rae1 Qxg5 24. f4 Qh5 25. Rxe5 Nxe5 26.
Rxe5 Rd1+ {0-1 Graffenberger,W-Helm,D/Hamburg 1997/EXT 2002 (26)}) 10. dxe4 Qd7
11. Qc2 Rad8 12. Nc4 Qd3 13. Qxd3 Rxd3 14. Nh4 Be6 15. Be3 Bxe3 16. Nxe3 Rd2
17. b3 a5 18. Reb1 b6 19. Nf3 Rd3 20. Ng5 Red8 21. Nxe6 fxe6 22. Rc1 a4 23. Nc4
Ra8 24. Nb2 Rd2 25. Nxa4 Kf7 26. f4 Ng4 27. Rf1 Ne3 28. fxe5+ Nxf1 29. Rxf1+
Ke7 30. Ra1 Rf8 31. Rf1 Rxf1+ 32. Kxf1 Rxa2 33. h4 Ra3 34. Kf2 Rxb3 35. Bf1 Ra3
{0-1 Woudsma,R-Bakker,J/Soest 2001/EXT 2002 (35)}) (7. exd5 $5 {ist zu erwaegen
} 7... Nxd5 8. Nbd2 $11) 7... dxe4 $17 8. Bxf6 Qxf6 (8... gxf6 $6 9. dxe4 Bg4
10. h3 $11) 9. dxe4 Rd8 10. Qe1 Bg4 11. Nbd2 Rd7 12. h3 Be6 13. c3 b5 (13...
Rad8 $142 $5 $19) 14. b4 $15 Bb6 15. a4 bxa4 16. Rxa4 Rad8 17. c4 Bd4 18. Nxd4
$2 (18. b5 $5 {ist zu pruefen} 18... Ne7 19. Nxd4 Rxd4 20. Nb3 Rxc4 21. Rxa7
$11) 18... Rxd4 (18... Nxd4 $142 $5 19. Ra2 Qh6 $19) 19. b5 $17 Rxd2 20. bxc6
Rc2 (20... a6 $142 $17) 21. Rxa7 $2 (21. Qb1 $142 {ist noch spielbar} 21...
Rxc4 22. Rxc4 Bxc4 23. Rc1 $11) 21... Bxc4 $19 22. Qb1 (22. Rxc7 $142 Bxf1 23.
Bxf1 $19) 22... Bd3 $4 {vergibt den Vorteil} (22... Rcd2 23. Qe1 Bxf1 24. Bxf1
Qxc6 25. Qe3 $19) 23. Qb3 $4 (23. Rxc7 Rd2 24. Qb6 Bxf1 25. Bxf1 h6 $17) 23...
Rxc6 $4 {vergibt den sicheren Gewinn} (23... Rd2 $142 {
gibt noch groesseren Vorteil} 24. Raa1 Bxf1 25. Rxf1 Qxc6 $19) 24. Rfa1 (24.
Rd1 Rcd6 25. Rxc7 Rd4 $11) 24... g6 (24... Rc2 $5 25. f3 Bxe4 $19) 25. Ra8 $17
Rc2 26. Rxd8+ Qxd8 27. Qd5 Qxd5 (27... Qf6 28. f3 Qb6+ 29. Kh1 $19) 28. exd5
$17 f5 29. Rd1 e4 30. f3 Rc5 31. fxe4 fxe4 32. Re1 Rxd5 33. Bxe4 $2 (33. Kf2
Re5 34. Ke3 $19) 33... Re5 34. Bxd3 Rxe1+ 35. Kf2 Re5 36. Kf3 Kg7 37. g4 Kf6
38. h4 Ke6 39. Bc4+ Kd6 40. Bg8 (40. Kf4 {nuetzt auch nichts mehr} 40... c5 $19
) 40... h6 41. Kf4 (41. Bb3 {holt die Kuh nicht vom Eis} 41... Kc5 $19) 41...
g5+ (41... g5+ 42. hxg5 hxg5+ 43. Kf3 Kc5 $19) 0-1

[Event "58. BEM 2004"]
[Site "Dortmund"]
[Date "2004.03.11"]
[Round "6.18"]
[White "Noori, Mir Ahmad"]
[Black "Hellwig, Thomas"]
[Result "1-0"]
[WhiteElo "1553"]
[BlackElo "1806"]
[Annotator "Fritz 7 (15s)"]
[PlyCount "94"]
[EventDate "2004.??.??"]
[Source "SG Dortmund"]
[SourceDate "2004.12.16"]

{A48: 1 d4 Nf6 2 Nf3 g6: Torre, London and Colle Systems
} 1. d4 Nf6 2. e3 g6
3. Nf3 Bg7 4. Be2 O-O 5. O-O d5 6. b3 c5 (6... Bf5 7. Bb2 Nc6 8. a3 b6 9. Nbd2
Nd7 10. Ba6 Qb8 11. Bb5 Qb7 12. Rc1 e5 13. c4 Be6 14. cxd5 Bxd5 15. e4 Nxd4 16.
Nxd4 exd4 17. exd5 Qc8 18. Nf3 a6 19. Bc6 Ra7 20. Bxd4 Bh6 21. Rc2 Nb8 22. Bb2
Nxc6 23. Rxc6 Rd8 24. Qd4 Kf8 25. Qh8+ Ke7 26. Bf6+ Kd7 27. Ne5# {
1-0 Cinque,R-Seiler,J/Leimen 2001/EXT 2002 (27)}) 7. Bb2 Ne4 (7... cxd4 8. exd4
Nc6 9. Nbd2 Bf5 {1/2-1/2 Polak,T-David,P/CSR 1991/EXT 2002 (9)}) 8. Nbd2 $146 (
8. c3 b6 9. Nbd2 Nd6 10. Ne5 Bb7 11. f4 Nd7 12. Qe1 Nf6 13. Qh4 Nfe4 14. Nxe4
Nxe4 15. g4 e6 16. g5 h6 17. Nf3 Qe7 18. Bd3 Nd6 19. Rf2 h5 20. Ne5 Nf5 21.
Bxf5 exf5 22. Qg3 Rfc8 {Sznapik,K-Lukasiewicz,G/Aix les Bains 1991/TD/0-1 (55)}
) 8... Nc6 9. c3 {Es geht um b4} 9... f5 10. g3 (10. c4 e6 $11) 10... e5 11.
dxc5 a5 12. a3 {Verhindert das Eindringen auf b4} 12... f4 $4 {
danach wendet sich das Blatt} (12... Nxc5 $142 {und Schwarz kann noch kaempfen}
13. b4 Ne6 $15) 13. Nxe4 $18 dxe4 14. Bc4+ Kh8 15. Nd2 (15. Qxd8 $142 $5 Nxd8
16. Ng5 $18) 15... Bh3 $14 16. Re1 fxg3 17. hxg3 Bf5 18. Bf1 Qg5 19. Bg2 h5 20.
Nxe4 (20. Bxe4 $6 Rad8 21. Bxf5 Qxf5 $14) 20... Bxe4 21. Bxe4 h4 22. g4 h3 23.
Qe2 Qh4 24. Rf1 Rad8 25. Kh2 (25. Bxg6 Rd2 $5 26. Bd3 e4 $19) 25... Rd7 26. Ra2
Rdf7 27. f3 (27. Bxg6 $4 {den sollte Weiss lieber stehen lassen} 27... Rxf2+
28. Qxf2 Rxf2+ 29. Rxf2 Qxf2+ 30. Kxh3 Nd8 $19) 27... Bh6 (27... Qh6 28. Rg1 a4
29. b4 $18) 28. Bc1 (28. Bxg6 {damit wuerde Weiss es sich noch erleichtern}
28... Rg7 29. Be4 Rgg8 $18) 28... Qf6 29. b4 Nd8 30. Qd3 (30. Kxh3 {ist genauer
} 30... Rh7 31. Kg2 Rff7 $18) 30... Qh4 (30... Kg7 31. c4 $18) 31. Raf2 (31.
Qd6 {erleichterte Weiss die Gewinnfuehrung} 31... Qg5 $18) 31... Ne6 32. Bxg6
Rf6 33. Bf5 Ng5 34. Qe2 e4 (34... Rd8 {aendert den Lauf der Dinge nicht} 35. f4
Rxf5 36. gxf5 $18 (36. fxg5 $6 {ist klar schwaecher} 36... Rxg5 37. Rf3 Qxg4
$18)) 35. fxe4 (35. f4 $142 $5 {ginge schneller} 35... Rxf5 36. gxf5 Nh7 $18)
35... Nxe4 36. Rf3 (36. Bxe4 {Nutzt die Fesselung aus} 36... Rxf2+ {
Kombination mit Doppelangriff}) 36... Ng5 37. Rg3 Rxf5 (37... Rc6 {
ist vielleicht ein Schwindelversuch} 38. e4 Bg7 $18) 38. Rxf5 Rxf5 39. gxf5 Qe4
(39... Bg7 {aendert nichts am Ausgang der Partie} 40. Qg4 Qxg4 41. Rxg4 Be5+
42. Kh1 $18) 40. c4 (40. Qh5 {und Weiss haette es noch leichter} 40... Qc2+ 41.
Kh1 Qe4+ 42. Kg1 h2+ 43. Kxh2 Qc2+ 44. Rg2 Qxf5 45. Qxh6+ Qh7 46. Qxh7+ Nxh7
$18) 40... Qxf5 (40... Kg8 {hilft allerdings auch nicht} 41. Qd2 $18) 41. Bb2+
(41. e4 $142 {und nichts geht mehr} 41... Qxe4 42. Qxe4 Nxe4 43. Rxh3 Kg7 44.
Bxh6+ Kg6 $18) 41... Kh7 42. Bd4 Qe4 (42... a4 $18 {
waere noch eine kleine Chance}) 43. b5 (43. Rxg5 {
waere im Gewinnsinne praeziser} 43... Bxg5 44. Qh5+ Kg8 45. Qxg5+ Kf8 46. Qd8+
Qe8 47. Qxa5 Qe7 $18) 43... Kg8 (43... Qf5 44. b6 Qg6 45. Qf2 $18) 44. a4 (44.
Qf2 {damit wuerde Weiss es sich noch erleichtern} 44... Qg6 45. Bf6 Kh7 46.
Bxg5 Bxg5 $18) 44... Kh7 (44... Kf8 {aendert nichts am Ausgang der Partie} 45.
c6 bxc6 46. b6 $18) 45. Rg4 (45. Rxg5 $142 {ist der schnellste Weg} 45... Bxg5
46. Qh5+ Kg8 47. Qxg5+ Kf8 $18) 45... Qe6 46. Rxg5 Bxg5 47. Qh5+ Qh6 (47... Bh6
$18 {die letzte Gegenchance}) 1-0

[Event "58. BEM 2004"]
[Site "Dortmund"]
[Date "2004.03.11"]
[Round "6.19"]
[White "Milonas, Georgios"]
[Black "Raszelenberg, Patrick"]
[Result "0-1"]
[WhiteElo "1346"]
[BlackElo "1747"]
[Annotator "Fritz 7 (15s)"]
[PlyCount "92"]
[EventDate "2004.??.??"]
[Source "SG Dortmund"]
[SourceDate "2004.12.16"]

{D06: Queen's Gambit: Symmetrical and Baltic Defences
} 1. d4 Nf6 2. c4 d5 3.
b3 (3. cxd5 g6 4. Qa4+ c6 5. dxc6 Nxc6 6. e3 Bg7 7. Nf3 O-O 8. Be2 Nd5 9. Nc3
e5 10. dxe5 Nxc3 11. bxc3 Nxe5 12. O-O Bd7 13. Qf4 Qc7 14. Ba3 Rfe8 15. Ng5 Bc6
16. Rfd1 h6 17. Ne4 Bxe4 {
Duarte,M-Berrocal,J/Santiago 1987/EXT 2002/1/2-1/2 (92)}) 3... e6 4. a3 $146 {
Deckt b4} (4. Nf3 Nc6 5. g3 Be7 6. Bg2 b6 7. cxd5 exd5 8. Ne5 Qd6 9. Ba3 Qe6
10. Nxc6 Bxa3 11. Qc2 Bd6 12. h4 O-O 13. Bh3 Qe8 14. Bxc8 Qxc8 15. Nd2 Qe6 16.
Nf3 h6 17. b4 Rfe8 18. Nfe5 Ng4 19. f4 f6 20. Nxg4 Qxg4 21. Kf2 Re6 22. b5 Rae8
23. Rae1 Re3 24. Rhg1 Ra3 {1/2-1/2 Hviid,J-Enggaard,P/DEN 1999/EXT 2002 (24)})
(4. Bb2 c5 5. e3 Nc6 6. Nf3 cxd4 7. exd4 Bb4+ 8. Nc3 Ne4 9. Qc1 Qa5 10. Bd3
Bxc3+ 11. Bxc3 Qxc3+ 12. Qxc3 Nxc3 13. O-O Ne4 14. Rfe1 Nf6 15. Ng5 O-O 16. Rf1
dxc4 17. bxc4 Nxd4 18. Rad1 Nc6 19. f4 h6 20. Nh3 Rd8 21. Rf3 Bd7 22. a3 e5 23.
Bc2 Bxh3 24. Rxd8+ Rxd8 25. fxe5 Nxe5 26. Rxh3 Nxc4 27. Kf2 Rd2+ {
0-1 Saliba,B-Rigos,M/Sao Paulo 1995/EXT 97 (27)}) 4... Be7 5. Nc3 O-O 6. Nf3
Nbd7 7. g3 b6 8. Bg2 Bb7 9. O-O c5 10. cxd5 Nxd5 11. Nxd5 Bxd5 12. Bb2 Rc8 13.
Re1 cxd4 14. Nxd4 Bxg2 15. Kxg2 Qc7 16. Kg1 Nf6 17. e4 Qb7 18. Qe2 Rfd8 19. e5
Nd5 20. Nb5 Rd7 21. Rac1 Rcd8 22. Nd4 Bc5 23. b4 Bxd4 24. Bxd4 Nf4 25. gxf4
Rxd4 26. Qg4 h6 27. Red1 (27. Re3 Qd5 $11) 27... Qd5 28. Rxd4 Qxd4 29. Qh4 Rd7
30. Qg3 Qd2 31. Rc3 Qd1+ 32. Kg2 Qd4 (32... Qb1 33. Qg4 $15) 33. Kh3 Qd1 34.
Kg2 Qe2 (34... Qb1 35. Qg4 $15) 35. Re3 Qd1 36. Rc3 Qd5+ (36... Qb1 37. Rb3
Qe4+ 38. Qf3 Qg6+ 39. Qg3 $15) 37. Kg1 (37. Qf3 $5 $11 {ist erwaegenswert})
37... Qe4 $17 38. Qf3 Qe1+ 39. Kg2 Rd1 40. Kh3 Qf1+ 41. Kg3 Rd2 42. Qg2 Qb1 43.
Qa8+ Kh7 44. Qf3 Rd1 45. Rb3 $4 {und es geht weiter bergab} (45. Kh3 Rd4 $17)
45... Qg6+ (45... Rg1+ 46. Qg2 Qg6+ 47. Kf3 Qxg2+ 48. Ke2 Qf1+ 49. Ke3 Qc1+ 50.
Ke4 Re1+ 51. Kd3 Qd1+ 52. Kc3 Re4 53. Rb2 Qd4+ 54. Kb3 Qc4+ 55. Ka4 b5+ 56. Ka5
Qc6 57. f5 Qb6#) 46. Qg4 $4 {verschlechtert die Stellung weiter} (46. Kh3 $142
Rd2 47. Rc3 $17) 46... Rg1+ (46... Rg1+ 47. Kf3 Qxg4+ 48. Ke3 Re1+ 49. Kd4
Qxf4+ 50. Kc3 Rc1+ 51. Kd3 Rd1+ 52. Ke2 Rd2+ 53. Ke1 Qxf2#) 0-1

[Event "58. BEM 2004"]
[Site "Dortmund"]
[Date "2004.03.11"]
[Round "6.20"]
[White "Morgenroth, Hubertus"]
[Black "Skoecz, Horst"]
[Result "1-0"]
[WhiteElo "1654"]
[BlackElo "1338"]
[Annotator "Fritz 7 (15s)"]
[PlyCount "87"]
[EventDate "2004.??.??"]
[Source "SG Dortmund"]
[SourceDate "2004.12.16"]

{C42: Petroff Defence: 3 Nxe5 and unusual White 3rd moves
} 1. e4 e5 2. Nf3 Nf6
3. Nxe5 Nxe4 4. Qe2 Qe7 5. Qxe4 Nc6 6. d4 d6 7. f4 (7. Bb5 Bd7 8. O-O dxe5 9.
d5 f5 10. Qe2 Nd4 11. Bxd7+ Kxd7 12. Qd3 Qc5 13. c3 e4 14. cxd4 Qxd5 15. Qc2
Bd6 16. Qa4+ c6 17. Nc3 Qe6 18. d5 Qe5 19. dxc6+ bxc6 20. g3 a5 21. Bf4 {
1-0 Horak,K-Petraz,M/Frymburk 2000/EXT 2002 (21)}) 7... dxe5 8. fxe5 f5 9. Qe3
$146 (9. Qf4 Be6 10. c3 O-O-O 11. Bd3 Qd7 12. Bc2 g5 13. Qf2 Be7 14. Nd2 Rhf8
15. Nb3 Qd5 16. Bd2 Qb5 17. Bd1 Nxe5 18. dxe5 Rd5 19. Be2 Rxe5 20. Be3 Bc4 21.
Bxc4 Qxc4 22. O-O-O Qa6 23. Kb1 f4 {
Chandler,M-Jimenez de la Torre,J/Oviedo 1992/TD/1-0 (41)}) (9. Qf4 Be6 $14)
9... Nb4 (9... Qh4+ $5 {ist zu beachten} 10. g3 Qxd4 11. Qxd4 Nxd4 $15) 10. Bd3
Nc6 (10... Be6 $5 $14 {sieht gut aus}) 11. O-O g6 (11... Nb4 $5 $16) 12. Nc3
$18 Be6 $4 {der letzte Fehler} (12... Qd8 $142 13. Bb5 a6 14. Bxc6+ bxc6 $18)
13. d5 Bg7 14. dxc6 ({Nicht} 14. dxe6 Bxe5 15. Qh6 Bg7 $18) 14... bxc6 15. Bd2
h5 (15... O-O {holt die Kuh nicht vom Eis} 16. Rae1 $18) 16. Qg3 Bf7 (16... Kf7
{hilft auch nicht mehr} 17. Ne4 $18) 17. Bg5 (17. e6 {
laesst dem Gegner kaum Chancen} 17... Bxe6 18. Rae1 Kf7 $18) 17... Qb4 18. Bf6
(18. e6 $5 {damit wuerde Weiss es sich noch erleichtern} 18... Bxe6 19. Rae1
Kd7 $18) 18... Qd4+ 19. Kh1 Bxf6 20. exf6 Qxf6 21. Rfe1+ Kf8 22. Qe5 (22. Qxc7
$142 {ginge schneller} 22... Kg7 $18) 22... Qxe5 23. Rxe5 Kg7 24. Rae1 Rab8 25.
b3 Kf6 (25... Rhe8 26. Na4 $18) 26. Re7 (26. Rc5 $5 {
erleichterte Weiss die Gewinnfuehrung} 26... Be8 $18) 26... Rhe8 27. Rxe8 Bxe8
28. Bc4 Bf7 29. Bxf7 Kxf7 30. Kg1 Rd8 31. Rd1 Ke7 32. Rxd8 Kxd8 33. Kf2 Kd7 34.
Kf3 g5 (34... Ke6 {nuetzt auch nichts mehr} 35. Kf4 Kf6 36. h4 $18) 35. Ne2 c5
(35... Kd6 {waere gleichermassen fruchtlos} 36. Ng3 Ke5 37. Nxh5 g4+ 38. Ke3
$18) 36. Ng3 Ke6 37. Nxh5 Ke5 38. c3 (38. g4 {laesst dem Gegner kaum Chancen}
38... c4 $18) 38... a5 39. g3 c6 (39... g4+ {aendert nichts mehr} 40. Ke3 $18)
40. Ng7 (40. h4 {gibt noch groesseren Vorteil} 40... gxh4 41. gxh4 c4 42. bxc4
c5 $18) 40... Kf6 (40... c4 {macht keinen grossen Unterschied} 41. g4 cxb3 42.
axb3 $18) 41. Ne8+ Ke7 42. Nc7 Kd7 43. Na6 Kd6 44. h4 (44. h4 gxh4 45. gxh4 $18
) 1-0

[Event "58. BEM 2004"]
[Site "Dortmund"]
[Date "2004.03.11"]
[Round "6.23"]
[White "Orlowski, Wilfried"]
[Black "Zabel, Reinhard"]
[Result "1-0"]
[WhiteElo "1668"]
[BlackElo "1511"]
[Annotator "Fritz 7 (15s)"]
[PlyCount "55"]
[EventDate "2004.??.??"]
[Source "SG Dortmund"]
[SourceDate "2004.12.16"]

{A35: Symmetrical English: 2 Nc3 Nc6 3 Nf3
} 1. c4 c5 2. Nc3 Nc6 3. e4 g6 4. d3
Bg7 5. Bd2 (5. Be3 d6 6. f4 e6 7. Nf3 Nge7 8. g4 Nd4 9. Bg2 Nec6 10. O-O a6 11.
Rb1 Rb8 12. b3 Nxf3+ 13. Rxf3 Bxc3 14. f5 b5 15. Bh6 Bd4+ 16. Kh1 Ne5 17. Rh3
gxf5 18. gxf5 exf5 19. Qh5 Ng4 {
Lieven,M-Sparenberg,E/Hengelo 2000/EXT 2001/0-1 (35)}) 5... Nf6 (5... d6 6. Be2
e6 7. Rb1 Nge7 8. a3 d5 9. b4 dxc4 10. dxc4 cxb4 11. axb4 O-O 12. Qc1 Ne5 13.
Bh6 Bxh6 14. Qxh6 Qd4 15. Rc1 N7c6 16. h4 Nxb4 17. Nh3 Ned3+ 18. Kf1 Nxc1 19.
Qxc1 Qg7 20. f4 e5 21. g4 exf4 22. Nxf4 Be6 23. Rh2 Rac8 24. Nb5 Qe5 25. h5 g5
26. Nh3 f6 27. Rg2 {0-1 Walter,G-Jerez Perez,A/Barcelona 1996/EXT 99 (27)}) 6.
Be2 $146 (6. Nf3 d6 7. g3 Bg4 8. Bg2 Nd7 9. Qc1 Bxf3 10. Bxf3 Nce5 11. Be2 Nc6
12. Bh6 O-O 13. Bxg7 Kxg7 14. h4 h5 15. g4 hxg4 16. h5 Rh8 17. h6+ Kh7 18. Bxg4
Nde5 19. Be2 Nd4 20. Qd1 f5 {
Carstensen,S-Nickel,N/Neumuenster 1999/EXT 2002/1-0 (51)}) (6. g3 d6 7. Bg2 a6
8. Nge2 Rb8 9. a4 Bg4 10. h3 Bd7 11. O-O O-O 12. Nd5 b5 13. axb5 axb5 14. cxb5
Rxb5 15. Bc3 Nxd5 16. exd5 Nd4 17. Bxd4 cxd4 18. Qd2 Qb6 19. Ra2 Rb8 20. Rb1 e6
{Gibbons,R-Hare,T/Auckland 1996/EXT 98/0-1 (60)}) 6... d6 7. h3 {Ueberdeckt g4}
7... O-O 8. Nf3 Bd7 9. O-O a6 {Kontrolliert b5} 10. Rb1 Rb8 11. a3 {Punkt b4}
11... b5 12. cxb5 axb5 13. b4 Qc7 (13... Nd4 $142 $11 {
damit waere Schwarz im Spiel geblieben}) 14. bxc5 $16 Ne5 15. cxd6 Qxd6 16.
Nxe5 Qxe5 17. Qc1 Qd6 18. Rb4 Bc6 19. e5 Qxe5 20. Bf4 Qe6 21. Bxb8 Rxb8 22. Qe3
Qd6 23. Ne4 Qd5 (23... Qd7 $18) 24. Nxf6+ Bxf6 25. Bf3 Qd6 26. Bxc6 Qxc6 27. a4
Qc3 28. Rfb1 (28. Rfb1 Rd8 29. axb5 Rxd3 30. Qc1 $18) 1-0